Statistics for Don't Lose Ur head - SIX The Musical - Lyrics

Click here to take the quiz!

General Stats

  • This quiz has been taken 214 times
  • The average score is 54 of 92

Answer Stats

HintAnswer% Correct
Grew up in the [...] oui, oui, bonjourFrench Court
92%
And soon my [...] saiddaddy
88%
But then I met the [...]King
88%
(She set [...])sail
88%
Ooh, ooh, I wanna [...]dance and sing
87%
[...], not my thingPolitics
87%
Kept messaging me like [...]every day
85%
All the [...], lame (Epic fail)British dudes
77%
Couldn't be better then he [...]sent me a letter
77%
Sorry, [...] 'bout what I saidnot sorry
76%
Sorry, [...] 'bout what I saidnot sorry
76%
Sorry, [...] 'bout what I saidnot sorry
76%
I'll think about it maybe, [...]XO baby
76%
(You sent him [...]?)kisses
74%
You're a [...]nice guy
74%
(You were living with his [...] ?)wife
74%
[...] came straight to the UK1522
73%
I didn't mean to hurt [...]anyone
73%
I didn't mean to hurt [...]anyone
73%
I didn't mean to hurt [...]anyone
73%
Or go to [...]hell
73%
Or go to [...]hell
73%
Or go to [...]hell
73%
(What ?) get a [...]life
73%
Like, what was I [...] ?meant to do
73%
I didn't know I would [...] with his missusmove in
73%
Ooh, ooh, sent a [...]reply
73%
Ooh, ooh, just [...]saying hi
73%
I'm just trying to have [...]some fun
73%
I'm just trying to have [...]some fun
73%
I'm just trying to have [...]some fun
73%
He [...], ah, obviouslywanted me
73%
I'm sorry, not sorry 'bout [...]what I said
73%
Sorry, not sorry 'bout [...]what I said
73%
I'm sorry, not sorry 'bout [...]what I said
73%
Sorry, not sorry 'bout [...]what I said
73%
Don't worry, don't worry, don't [...]lose your head
71%
Don't worry, don't worry, don't [...]lose your head
71%
Don't worry, don't worry, don't [...]lose your head
71%
Don't lose [...]your head
71%
Don't lose [...]your head
71%
Don't lose [...]your head
71%
"You should try and [...]get ahead
70%
And who am I [...]kidding
70%
Uh-oh, [...]here we go
68%
Uh-oh, [...]here we go
68%
[...], say "oh well"LOL
68%
[...], say "oh well"LOL
68%
[...], say "oh well"LOL
68%
Ooh, ooh, don't be [...]bitter
67%
Ooh, ooh, 'cause I'm [...]fitter
67%
Somebody [...]hang you
63%
Why hasn't it [...]hit her
63%
Three [...] and the little one saidin the bed
63%
Girl in a [...], are you blind ?threesome
63%
He doesn't wanna [...]bang you
61%
Your [...] went viralcomment
58%
Wow, Anne, way to make [...] hate youthe country
56%
Her or me, [...], don't wanna be somechum
54%
[...], here we goUh-oh
54%
Tried to [...] but the Pope said "Nope"elope
53%
"Of you wanna [..], make up your mind"be wed
52%
Life was a [...] sobore
52%
Our only hope was [...]Henry
49%
Everybody chill, it's totes [...]God's will
43%
He got a [...], caused a [...]promotion commotion
42%
The [...] were so outdatedrules
42%
Us two wanted to get [...]X-rated
42%
Set in motion the [...]C of E
38%
[...], what was I meant to do ?Mate
38%
If that's how it's gonna be, maybe I'll flirt with a guy [...]or three
38%
Just sleeping around like "[...]?"what the hell
38%
Soon [...]excommunicated
36%
Just to [...] jellmake him
35%
I didn't really mean it but [...]rumours spiral
35%
Henry's out [...] on the townevery night
33%
Henry [...] and he goes mentalfinds out
33%
[...] what was I meant to do ?Like
33%
And now he's going 'round like "[...]"off with her head
33%
You damn [...]witch
32%
I wouldn't be such a b... If you could [...]get it up
31%
Mate, just [..] !shut up
31%
He screams and shout like [...]so judgemental
29%
(Is that what [...]?)you said
26%
(No!) Yeah, I'm [...] he means itpretty sure
25%
No, but [...] meant to do ?what was I
17%
(What was [...] to do ?)she meant
16%
(What was [...] to do ?)she meant
16%
([...]) What was I meant to do ?Seems it
15%
(Sorry, not sorry 'bout [...])what she said
11%
I was [...]prête à manger
8%
([...] to hell)Just go
5%

Score Distribution

Percentile by Number Answered

Percent of People with Each Score

Your Score History

You have not taken this quiz